000
00202nam a22000857a 4500
008
170623b xxu||||| |||| 00| 0 eng d
100
_9
3648
_a
CBSE
245
_a
Sample Question Paper XII
260
_b
CBSE
_c
2008
999
_c
7043
_d
7043